000 01343nam a2200361 i 4500
001 194859
003 SpMaBN
005 20250716034713.0
007 ta
008 240520s1945 sp j spa
016 7 _abimoBNE19983278910
_zIND9200486193
_2SpMaBN
035 _a(OCoLC)740432133
035 _abimo0001078799
040 _aSpMaBN
_bspa
_cA2
_dSpMaBN
_eES-MaACL
080 _a821.133.1-32"18"
100 1 _aLamartine, Alphonse de,
_d1790-1869
_0XX948112
_969776
245 1 0 _aFlor de Lis /
_cA. de Lamartine.
260 _aMadrid :
_bRevista Literaria "Novelas y cuentos",
_c1945.
300 _a24 p. ;
_c32 cm
336 _2rdacontent
_atexto
337 _2rdamedia
_asin mediación
338 _2rdacarrier
_avolumen
490 1 _aRevista literaria "Novelas y cuentos" ;
_vaño 17, n. 714
500 _aTraducción de: Fleur de Lis
594 _aTítulo original: Fleur de Lis
830 0 _aRevista literaria "Novelas y cuentos"
_vaño 17, n. 714
_9236217
852 _aES-MaACL
_cDEPO2
_jG-15981(20)
_hLegado: Juan Antonio Porto
_xEncuadernado con otroa obras formando un volumen facticio
903 _993285
_aPorto, Juan Antonio,
_q1
_d1937-2021
_ednr
942 _n0
_cFOLLETOS
999 _c194859
_d194859